The Military : (Record no. 190586)
[ view plain ]
| 000 -LEADER | |
|---|---|
| fixed length control field | 00883 a2200229 4500 |
| 003 - CONTROL NUMBER IDENTIFIER | |
| control field | Nust |
| 005 - DATE AND TIME OF LATEST TRANSACTION | |
| control field | 20221216120537.0 |
| 010 ## - LIBRARY OF CONGRESS CONTROL NUMBER | |
| LC control number | 87032850 |
| 020 ## - INTERNATIONAL STANDARD BOOK NUMBER | |
| International Standard Book Number | 008034321X : |
| 040 ## - CATALOGING SOURCE | |
| Transcribing agency | Nust |
| 082 00 - DEWEY DECIMAL CLASSIFICATION NUMBER | |
| Classification number | 306.270973,MIL |
| 245 04 - TITLE STATEMENT | |
| Title | The Military : |
| Remainder of title | more than just a job? / |
| Statement of responsibility, etc. | edited by Charles C. Moskos & Frank R. Wood. |
| 250 ## - EDITION STATEMENT | |
| Edition statement | 1st ed. |
| 260 ## - PUBLICATION, DISTRIBUTION, ETC. | |
| Place of publication, distribution, etc. | Washington : |
| Name of publisher, distributor, etc. | Pergamon-Brassey's International Defense Publishers, |
| Date of publication, distribution, etc. | 1988. |
| 300 ## - PHYSICAL DESCRIPTION | |
| Extent | xiii, 305 p. ; |
| Dimensions | 24 cm. |
| 505 ## - FORMATTED CONTENTS NOTE | |
| Formatted contents note | Institution Versus Occupation (Paeg-3), Issues in the American Military (Paeg-79), Comparative Perspective (Paeg-153), Institution Versus Occupation Reconsidered (Paeg-279). |
| 650 #0 - SUBJECT ADDED ENTRY--TOPICAL TERM | |
| Topical term or geographic name entry element | Armed Forces |
| General subdivision | Vocational guidance. |
| 9 (RLIN) | 105058 |
| 650 #0 - SUBJECT ADDED ENTRY--TOPICAL TERM | |
| Topical term or geographic name entry element | Sociology, Military. |
| 9 (RLIN) | 48622 |
| 700 1# - ADDED ENTRY--PERSONAL NAME | |
| Personal name | Moskos, Charles C. |
| 9 (RLIN) | 105059 |
| 700 1# - ADDED ENTRY--PERSONAL NAME | |
| Personal name | Wood, Frank R. |
| 9 (RLIN) | 105060 |
| 942 ## - ADDED ENTRY ELEMENTS (KOHA) | |
| Source of classification or shelving scheme | |
| Koha item type | Book |
| Call number prefix | 306.270973,MIL |
| Withdrawn status | Lost status | Source of classification or shelving scheme | Damaged status | Not for loan | Permanent Location | Current Location | Shelving location | Date acquired | Total Checkouts | Total Renewals | Full call number | Barcode | Date last seen | Date last checked out | Price effective from | Koha item type | Public note |
|---|---|---|---|---|---|---|---|---|---|---|---|---|---|---|---|---|---|
| Military College of Signals (MCS) | Military College of Signals (MCS) | General Stacks | 12/12/2016 | 1 | 3 | 306.270973,MIL | MCS26570 | 05/19/2025 | 04/22/2025 | 12/12/2016 | Book | Almirah No.49, Shelf No.2 |
